[Jean Hiernard (ed.): Les voyages de Seyfried Rybisch, étudiant silésien. Itinéraire (1548–1554)]
| Titel: | [Jean Hiernard (ed.): Les voyages de Seyfried Rybisch, étudiant silésien. Itinéraire (1548–1554)] / Jan L. de Jong |
|---|---|
| Verfasser: | |
| In: |
Daphnis, Band 47, Heft 3-4 (2019), Seite 679-687 alle Artikel anzeigen |
| Veröffentlicht: | 2019 |
| Format: | Aufsatz |
| Sprache: | Englisch |
X
alg: 52222670
001A $03025:15-10-24
001B $01999:15-10-24 $t22:47:51.000
001D $03025:15-10-24
001U $0utf8
001X $00
002@ $0Oou
002C $aText $btxt $2rdacontent
002D $aComputermedien $bc $2rdamedia
002E $aOnline-Ressource $bcr $2rdacarrier
003@ $0522226701
007A $0522226701 $aHEB
009Q $uhttps://doi.org/10.1163/18796583-04703003 $xVolltext
010@ $aeng
010E $erda
011@ $a2019
013D $#Newspapers Sections, columns, etc. Reviews $#Book reviewing $#Journaux Cahiers, chroniques, etc. Comptes rendus $#Livres Recension $#Rezension $#Buchbesprechung $#Buchrezension $#Buchkritik $74049712-4 $8Rezension [Ts1] $9085138568
021A $a[Jean Hiernard (ed.): Les voyages de Seyfried Rybisch, étudiant silésien. Itinéraire (1548–1554)] $hJan L. de Jong
028A $BVerfasser $#Jong, Jan de $#Jong, J. L. de $#Jong, Johannes Leenderd de $4aut $7130091294 $8Jong, Jan L.$cde$Z1956- [Tp1] $9160313996
031A $d47 $e3-4 $h679-687 $j2019
039B $aEnthalten in $8--Obvc--. Daphnis. - Leiden {[u.a.] : Brill Rodopi, 1978-. - Online-Ressource. - ISSN 1879-6583 $x201900000470003321 $9079276997
039T $aRezension von $8--Oax--Hiernard, Jean. Les @voyages de Seyfried Rybisch, étudiant silésien. - [Erscheinungsort nicht ermittelbar] : Ausonius Éditions, [2019]. - 1 Online-Ressource ( pages) $9464767881
045F $a306.09438509031 $eDDC23BSB
045F/01 $a306.09
045F/03 $f09031
045F/03 $g4385
045T $a7,20
045T $aAVL $qDE-30 $2FID
045T $aGER $qDE-30 $2FID
lok: 52222670 78
exp: 52222670 78 1 #EPN
201B/01 $015-10-24 $t12:27:04.000
201C/01 $015-10-24
201U/01 $0utf8
203@/01 $01278057706
208@/01 $a15-10-24 $be
209A/01 $a/ $f000 $x00
209A/01 $ab*p $x01
220C/01 $apgar
244Z/01 $#Schlesien $#Schlesien $#Herzogtum Schlesien $#Herzogtum Schlesien Schlesien $#Provinz Schlesien $#Śla̜sk $#Slezsko $#Silesia $74052678-1 $8--Tg1--Schlesien $x02 $9085146781
247C/01 $82080>Marburg/Lahn, Herder-Institut, Forschungsbibliothek, Bibliographieportal $9336309341
| LEADER | 00000caa a2200000 c 4500 | ||
|---|---|---|---|
| 001 | 522226701 | ||
| 003 | DE-603 | ||
| 005 | 20241015224751.0 | ||
| 007 | cr|||||||||||| | ||
| 008 | 241015s2019 xx |||| o| u00||u|eng c | ||
| 035 | |a (DE-599)HEB522226701 | ||
| 040 | |a DE-603 |b ger |c DE-603 |d DE-603 |e rda | ||
| 041 | |a eng | ||
| 082 | 0 | 4 | |8 1\u |a 306.09438509031 |q DE-101 |2 23/BSB |
| 084 | |a 7,20 |2 ssgn | ||
| 084 | |a AVL |q DE-30 |2 fid | ||
| 084 | |a GER |q DE-30 |2 fid | ||
| 085 | |8 1\u |b 306.09 | ||
| 085 | |8 1\u |z 1 |s 09031 | ||
| 085 | |8 1\u |z 2 |s 4385 | ||
| 100 | 1 | |a Jong, Jan L. de |d 1956- |e Verfasser |4 aut |0 (DE-603)160313996 |0 (DE-588)130091294 |2 gnd | |
| 245 | 0 | 0 | |a [Jean Hiernard (ed.): Les voyages de Seyfried Rybisch, étudiant silésien. Itinéraire (1548–1554)] |c Jan L. de Jong |
| 264 | 0 | |c 2019 | |
| 336 | |a Text |b txt |2 rdacontent | ||
| 337 | |a Computermedien |b c |2 rdamedia | ||
| 338 | |a Online-Ressource |b cr |2 rdacarrier | ||
| 655 | 7 | |a Rezension |2 gnd-content |0 (DE-588)4049712-4 |0 (DE-603)085138568 | |
| 773 | 0 | 8 | |i Enthalten in |t Daphnis |d Leiden [u.a.] : Brill Rodopi, 1978- |h Online-Ressource |x 1879-6583 |g Band 47, Heft 3-4 (2019), Seite 679-687 |w (DE-603)079276997 |w (DE-600)1481780-9 |
| 787 | 0 | 8 | |i Rezension von |a Hiernard, Jean |t Les voyages de Seyfried Rybisch, étudiant silésien |d [Erscheinungsort nicht ermittelbar] : Ausonius Éditions, [2019] |h 1 Online-Ressource ( pages) |w (DE-603)464767881 |
| 856 | |u https://doi.org/10.1163/18796583-04703003 | ||
| 924 | 1 | |9 2080 |a (DE-603)1278057706 |b DE-2080 |c HES |d d |g / | |


